Guess the 1960s song lyrics #91 - Statistics

General Stats
  • This quiz has been taken 18 times
  • The average score is 152 of 272
Answer Stats
Answer % Correct
a
93%
And
87%
if
87%
it
87%
No
87%
no
87%
of
87%
so
87%
the
87%
what
87%
when
87%
you
87%
You
87%
your
87%
I'm
80%
see
80%
that
80%
That
80%
To
80%
to
80%
you're
80%
do
73%
get
73%
have
73%
in
73%
just
73%
night
73%
not
73%
on
73%
from
67%
it's
67%
keep
67%
Paul Revere and the Raiders
67%
away
60%
But
60%
but
60%
day
60%
don't
60%
Don't
60%
gonna
60%
like
60%
need
60%
out
60%
seem
60%
Well
60%
with
60%
all
53%
Girl
53%
girl
53%
never
53%
nothin
53%
think
53%
too
53%
You'll
53%
you'll
53%
goes
47%
mind
47%
run
47%
back
40%
better
40%
down
40%
feelin
40%
find
40%
gets
40%
gettin
40%
help
40%
last
40%
there's
40%
way
40%
ain't
33%
Before
33%
harder
33%
Kicks
33%
kicks
33%
late
33%
pay
33%
peace
33%
thought
33%
up
33%
wake
33%
come
27%
each
27%
inside
27%
matter
27%
mornin
27%
nowhere
27%
right
27%
road
27%
straight
27%
bringin
20%
carpet
20%
face
20%
found
20%
happened
20%
magic
20%
price
20%
ride
20%
runnin
20%
still
20%
world
20%
yet
20%
Another
13%
answer
13%
emptiness
13%
fill
13%
little
13%
Paradise
13%
piece
13%
tried
13%
twice
13%
uptight
13%
yourself
13%
No matching quizzes found
Score Distribution
Percent of People with Each Score
Percentile by Number Answered
Your Score History
You have not taken this quiz